Rubber tree (Hevea brasiliensis Muell Arg.) (Record no. 68089)

MARC details
000 -LEADER
fixed length control field 00480nam a2200157Ia 4500
100 ## - MAIN ENTRY--AUTHOR NAME
Personal name George P J
245 #0 - TITLE STATEMENT
Title Rubber tree (Hevea brasiliensis Muell Arg.)
260 ## - PUBLICATION, DISTRIBUTION, ETC. (IMPRINT)
Name of publisher Handbook of Natural Rubber Production in India (Ed. P N Radhakrishna Pillay) Kottayam, RRII, 1980
Year of publication 1980
300 ## - PHYSICAL DESCRIPTION
Number of Pages 25-31
650 ## - SUBJECT ADDED ENTRY--TOPICAL TERM
Topical Term Hevea brasiliensis
700 ## - ADDED ENTRY--PERSONAL NAME
Personal name Markose V C
700 ## - ADDED ENTRY--PERSONAL NAME
Personal name Panikkar A O N
700 ## - ADDED ENTRY--PERSONAL NAME
Personal name Premakumari D
942 ## - ADDED ENTRY ELEMENTS (KOHA)
Koha item type Journals
Holdings
Withdrawn status Lost status Damaged status Not for loan Home library Current library Shelving location Date acquired Koha item type
      Journals RRII Library RRII Library Botany 17/12/2021 Journals